000
00282 a2200145 4500
001
160550
020
_a
040
_c
Magnum
240
1
0
_a
A bela adormecida
_l
por
245
1
0
_a
A bela adormecida
300
_a
9
440
1
_a
FTD
697
_a
LITERATURA INFANTO
942
_c
BK
999
_c
160550
_d
160550